<?xml version="1.0" encoding="UTF-8"?>
<record
    xmlns:xsi="http://www.w3.org/2001/XMLSchema-instance"
    xsi:schemaLocation="http://www.loc.gov/MARC21/slim http://www.loc.gov/standards/marcxml/schema/MARC21slim.xsd"
    xmlns="http://www.loc.gov/MARC21/slim">

  <leader>01658nam a2200205 a 4500</leader>
  <controlfield tag="008">180523e1998    ag ||||gr|||| 000 1 spa d</controlfield>
  <datafield tag="020" ind1=" " ind2=" ">
    <subfield code="a">9500418479</subfield>
  </datafield>
  <datafield tag="041" ind1=" " ind2=" ">
    <subfield code="a">spa</subfield>
  </datafield>
  <datafield tag="092" ind1=" " ind2=" ">
    <subfield code="c">808</subfield>
    <subfield code="l">13</subfield>
    <subfield code="s">COO</subfield>
  </datafield>
  <datafield tag="100" ind1="1" ind2=" ">
    <subfield code="a">Cook, Robin</subfield>
    <subfield code="9">3090</subfield>
  </datafield>
  <datafield tag="245" ind1=" " ind2=" ">
    <subfield code="a">Invasi&#xF3;n /</subfield>
    <subfield code="c">Robin Cook</subfield>
  </datafield>
  <datafield tag="250" ind1=" " ind2=" ">
    <subfield code="a">1a ed.</subfield>
    <subfield code="b">Traducci&#xF3;n Constanza Fant&#xED;n</subfield>
  </datafield>
  <datafield tag="260" ind1=" " ind2=" ">
    <subfield code="a">Buenos Aires:</subfield>
    <subfield code="b">Emec&#xE9;;</subfield>
    <subfield code="c">1998.</subfield>
  </datafield>
  <datafield tag="300" ind1=" " ind2=" ">
    <subfield code="a">320 p.</subfield>
    <subfield code="c">23x15 cm.</subfield>
  </datafield>
  <datafield tag="500" ind1=" " ind2=" ">
    <subfield code="a">Cook, R. (1998). Invasi&#xF3;n. (1a ed.). Buenos Aires : Emec&#xE9;.</subfield>
  </datafield>
  <datafield tag="505" ind1=" " ind2=" ">
    <subfield code="a">Una epidemia tan terrible como inexplicable se desata en el campus de una universidad norteamericana: lo que empieza como un simple resfr&#xED;o se transforma en una seguidilla de s&#xED;ntomas que desaf&#xED;an cualquier diagn&#xF3;stico posible. Mientras tanto, desde la vastedad del espacio interestelar, una amenaza mortal acecha a los seres humanos. Robin Cook, pionero y maestro indiscutido del thriller m&#xE9;dico, descubre nuestros temores m&#xE1;s profundos con una habilidad sobresaliente. En esta nueva novela el doctor Cook abandona su especialidad para incursionar en el campo de la ciencia-ficci&#xF3;n con una historia &#xE1;gil y escalofriante. Robin Cook es, pr&#xE1;cticamente, el inventor del suspenso m&#xE9;dico. Desde Coma, su primer gran &#xE9;xito, ha escrito diecinueve novelas, todas bestsellers, que abordan temas como el transplante de &#xF3;rganos, la mala pr&#xE1;ctica de los profesionales de la salud, la ingenier&#xED;a gen&#xE9;tica y la fertilizaci&#xF3;n in vitro. La mayor&#xED;a de sus libros ha sido llevados al cine. Invasi&#xF3;n ha sido convertida en serie de televisi&#xF3;n. </subfield>
  </datafield>
  <datafield tag="590" ind1=" " ind2=" ">
    <subfield code="a">Proyecto 4to libro. Donaci&#xF3;n Lara Victoria, Mayo 2018.</subfield>
  </datafield>
  <datafield tag="655" ind1=" " ind2=" ">
    <subfield code="a">Literatura</subfield>
    <subfield code="9">2917</subfield>
  </datafield>
  <datafield tag="942" ind1=" " ind2=" ">
    <subfield code="2">ddc</subfield>
    <subfield code="c">LIT</subfield>
  </datafield>
  <datafield tag="999" ind1=" " ind2=" ">
    <subfield code="c">2790</subfield>
    <subfield code="d">2790</subfield>
  </datafield>
  <datafield tag="952" ind1=" " ind2=" ">
    <subfield code="0">0</subfield>
    <subfield code="1">0</subfield>
    <subfield code="2">ddc</subfield>
    <subfield code="4">0</subfield>
    <subfield code="7">0</subfield>
    <subfield code="8">FIC</subfield>
    <subfield code="a">BFM</subfield>
    <subfield code="b">BFM</subfield>
    <subfield code="c">CR</subfield>
    <subfield code="d">2018-05-24</subfield>
    <subfield code="e">Proyecto 4to Libro. Donaci&#xF3;n Lara Victoria, Mayo 2018.</subfield>
    <subfield code="l">3</subfield>
    <subfield code="m">1</subfield>
    <subfield code="o">808 13 COO</subfield>
    <subfield code="p">4278</subfield>
    <subfield code="r">2023-06-27</subfield>
    <subfield code="s">2023-06-06</subfield>
    <subfield code="t">Ej. 1</subfield>
    <subfield code="w">2018-05-24</subfield>
    <subfield code="y">LIT</subfield>
    <subfield code="z">Proyecto 4to Libro. Donaci&#xF3;n Lara Victoria, Mayo 2018.</subfield>
  </datafield>
</record>
